<?xml version="1.0" encoding="UTF-8"?>
<marc:record xmlns:marc="http://www.loc.gov/MARC21/slim">
   <marc:leader>00000nam a2200000 a 4500</marc:leader>
   <marc:datafield ind1=" " ind2=" " tag="653">
      <marc:subfield code="a">Psalmen</marc:subfield>
   </marc:datafield>
   <marc:datafield ind1=" " ind2=" " tag="653">
      <marc:subfield code="a">Textarbeit</marc:subfield>
   </marc:datafield>
   <marc:datafield ind1=" " ind2=" " tag="653">
      <marc:subfield code="a">Didaktik, biblische</marc:subfield>
   </marc:datafield>
   <marc:datafield ind1="0" ind2="0" tag="245">
      <marc:subfield code="a">Mein Gott, mein Gott....</marc:subfield>
   </marc:datafield>
   <marc:datafield ind1="0" ind2="0" tag="245">
      <marc:subfield code="b">mit Psalmworten biblische Themen erschließen.</marc:subfield>
   </marc:datafield>
   <marc:datafield ind1=" " ind2="1" tag="264">
      <marc:subfield code="b">Neukirchener</marc:subfield>
      <marc:subfield code="c">2002</marc:subfield>
   </marc:datafield>
   <marc:datafield ind1="1" ind2=" " tag="520">
      <marc:subfield code="a">1./2. Ich rufe, doch du antwortest nicht (Klangbild / Gesang); 3./4. Ich bin wie ein einsamer Vogel (Klangbild / Gesang); 5./6.  Ich fühle mich gefangen (Klangbild / Gesang); 7./8.  An einen sicheren Ort möchte ich eilen (Klangbild / Gesang); 9./10.Das Wasser geht mir bis zur Kehle (Klangbild  / Gesang); 11./12. Im Meer der Angst (Playback / Gesang); 13./14. Du bist bei mir im Meer der Angst (Playback / Gesang); 15. Improvisation "Nacht"; 16. Improvisation "Tag"; 17. Bei Gott bin ich geborgen; 18. Kann mich jemand leiden</marc:subfield>
   </marc:datafield>
   <marc:datafield ind1="3" ind2=" " tag="024">
      <marc:subfield code="a">378871851X</marc:subfield>
   </marc:datafield>
</marc:record>
